Manual of Engineering Drawing / Technical Product Specification and Documentation to British and International Standards: Fourth Edition (Record no. 3051)
[ view plain ]
| 000 -LEADER | |
|---|---|
| fixed length control field | 01640cam a22002294a 4500 |
| 005 - ΗΜΕΡΟΜΗΝΙΑ ΚΑΙ ΩΡΑ ΤΕΛΕΥΤΑΙΑΣ ΕΝΗΜΕΡΩΣΗΣ | |
| Πεδίο ελέγχου | 20250605164104.0 |
| 008 - FIXED-LENGTH DATA ELEMENTS--GENERAL INFORMATION | |
| Πεδίο ελέγχου σταθερού μήκους | 250528s ||||||||||||||||||||||||d |
| 035 ## - SYSTEM CONTROL NUMBER | |
| System control number | 17649 |
| 020 ## - ISBN | |
| ISBN | 9780080966526 |
| 040 ## - ΠΗΓΗ ΚΑΤΑΛΟΓΟΓΡΑΦΗΣΗΣ | |
| Φορέας πρωτότυπης καταλογογράφησης | MC Athens Campus Library |
| Γλώσσα καταλογογράφησης | Ελληνικά, Μοντέρνα (1453-) |
| Modifying agency | MC Athens Campus Library |
| Κανόνες περιγραφικής καταλογογράφησης | AACR2 |
| 245 1# - ΤΙΤΛΟΣ ΚΑΙ ΔΗΛΩΣΗ ΥΠΕΥΘΥΝΟΤΗΤΑΣ | |
| Τίτλος | Manual of Engineering Drawing / Technical Product Specification and Documentation to British and International Standards: Fourth Edition |
| 250 ## - EDITION STATEMENT | |
| Edition statement | 4th |
| 260 ## - PUBLICATION, DISTRIBUTION, ETC. | |
| Name of publisher, distributor, etc. | Elsevier - Butterworth Heinemann, |
| Date of publication, distribution, etc. | 2012 |
| 300 ## - PHYSICAL DESCRIPTION | |
| Extent | 370 |
| 520 ## - SUMMARY, ETC. | |
| Summary, etc. | An ideal companion for students studying vocational courses in technical product specification, undergraduates studying engineering or product design, and professional engineers beginning a career in design. Preface, Acknowledgements, Drawing Office Management and Organization, Product Development and Computer Aided Design, Design for Manufacture to End of Life, Intellectual Property and Engineering Design, CAD Organization and Applications, Principles of First and Third Angle Orthographic Projection, Linework and Lettering, Three- Dimensional Illustrations Using Isometric and Oblique Projection, Drawing Layouts and Simplified Methods, Sections and Sectional Views, Geometrical Constructions and Tangency, Loci Applications, True Lengths and Auxiliary Views, Keys and Key Ways, Limits and Fits, Positional Tolerancing, Surface Texture, Cams and Gears, Springs, Engineering Diagrams, Related Standards, Production Drawings, Drawing Solutions, Index. |
| 700 1# - ΠΡΟΣΘΕΤΗ ΑΝΑΓΡΑΦΗ--ΦΥΣΙΚΟ ΠΡΟΣΩΠΟ | |
| Personal name | Maguire Dennis E (Late) |
| 9 (RLIN) | 3833 |
| 700 1# - ΠΡΟΣΘΕΤΗ ΑΝΑΓΡΑΦΗ--ΦΥΣΙΚΟ ΠΡΟΣΩΠΟ | |
| Personal name | Phelps Neil |
| 9 (RLIN) | 3834 |
| 700 1# - ΠΡΟΣΘΕΤΗ ΑΝΑΓΡΑΦΗ--ΦΥΣΙΚΟ ΠΡΟΣΩΠΟ | |
| Personal name | Simmons Colin H |
| 9 (RLIN) | 3835 |
| 942 ## - ADDED ENTRY ELEMENTS (KOHA) | |
| Koha item type | Books |
| Τύπος τεκμηρίου | Βιβλιοθήκη | Τρέχουσα τοποθεσία | Barcode | Αριθμός εισαγωγής | Ημερομηνία απόκτησης | Ταξιθετικό σύμβολο | Αριθμός αντιτύπου | Κατάσταση απόσυρσης | Κατάσταση χαμένου | Κατάσταση κατεστραμμένου | Μη δανεισμός | Σύνολο δανεισμών | Ημερομηνία τελευταίας εμφάνισης | Η τιμή ισχύει από |
|---|---|---|---|---|---|---|---|---|---|---|---|---|---|---|
| Books | MC Athens Campus Library | MC Athens Campus Library | 9780000030504 | 5982 | 05/06/2025 | 604.2 SIM | 1 | 05/06/2025 | 05/06/2025 |